Welcome to the Holygrace Academy Library

Please use search bar below to get started

FRENCH MADE EASY (Record no. 7208)

MARC details
000 -LEADER
fixed length control field 00385nam a22001457a 4500
020 ## - INTERNATIONAL STANDARD BOOK NUMBER
ISBN 978-81-7245-412-8
082 ## - DEWEY DECIMAL CLASSIFICATION NUMBER
Classification number 448.2421
Item number VAR/F
100 ## - MAIN ENTRY--AUTHOR NAME
Personal name VARMA, RASHMI
245 ## - TITLE STATEMENT
Title FRENCH MADE EASY
Remainder of title LEARN FRENCH IN AN EASY AND SYSTEMATIC WAY
260 ## - PUBLICATION, DISTRIBUTION, ETC. (IMPRINT)
Place of publication NEW DELHI
Name of publisher GOODWILL PUBLISHING HOUSE
300 ## - PHYSICAL DESCRIPTION
Number of Pages 184
505 ## - FORMATTED CONTENTS NOTE
Formatted contents note ABOUT FRENCH
520 ## - SUMMARY, ETC.
Summary, etc RFERENCE BOOK FRENCH
942 ## - ADDED ENTRY ELEMENTS (KOHA)
Koha item type Books
Holdings
Withdrawn status Lost status Collection code Home library Current library Shelving location Date acquired Source of acquisition Full call number Accession Number Koha item type
    Reference Main Library Main Library NEW SHELF WITH NEW ENTRY 26/10/2023 Purchase 448.2421 VAR/F 13289 Books